Derecho penal argentino. Tomo IV /

Guardado en:
Autor Principal: Soler, Sebastián
Formato: Libro
Idioma:Spanish
Publicado: Buenos Aires, La Ley 1945 :
Materias:
Etiquetas: Agregar Etiqueta
Sin Etiquetas, Sea el primero en etiquetar este registro!
LEADER 00408nam a22001335a 4500
001 DER.der015555
008 251120s1945####|||||||||||||||||#||spa||
005 20251120190503.0
245 1 0 |a Derecho penal argentino.  |n Tomo IV /  |c Sebastián Soler. 
260 |a Buenos Aires,  |c 1945 :  |b La Ley 
300 |a 666 p. 
100 1 |a Soler, Sebastián 
650 7 |a DERECHO PENAL 
859 |a DERECHO  |b BIB. DERECHO  |h 345  |i SOL  |p 0010742  |v IV  |3 Tomo IV